1804 1100 1133 1023 1752 1052 1104 1619 1034 1231 1880 1512 1714 1129 1824 1111 1110 1426 1402 1815 1530 1058 1750 1794 1780 1778 1402 1626 1093 1853 1906 1544 1174 1259 1419 1732 1940 1584 1467 1474 1402 1906 1542 1920 1286 1552 1736 1208 1066 1487 1541 1435 1008 1170 1397 1722 1897 1604 1159 1073 1295 1638 1721 1942 1313 1273 1648 1335 1728 1132 1150 1925 1482 1486 1052 1086 1184 1378 1570 1693 1749 1738 1674 1053 1578 1528 1040 1776 1982 1162 1822 1381 1974 1912 1079 1427 1571 1225 1237 BCNSPRNW ULIB Ver.6.0+V

เปลี่ยนเป็นภาษาไทย

Change to English
 แสดงรายละเอียดบรรณานุกรม
  กลับหน้าหลัก

Brief Record : Get Marc (ISO 2709) : E-mail record : QR code < ปิดหน้าต่าง
LEADER : 00000nam 2200000uu 4500
001    13399112691
003     ULIB
008    110627s2553||||th 000 0 tha d
020    9786160600908
090    นว.^bน189ค 2553
100 0  นภชล
245 00 ความรู้สึกดีที่เรียกว่ารัก : ต่างมุมรัก/^cนภชล
250    พิมพ์ครั้งที่ 2
260    กรุงเทพฯ :^bแจ่มใส,^c2553
300    278 หน้า
710 1  แจ่มใส
945    ^p199^l0^i028069
995    ทศพร
999 ^a ใช้งานได้ทุกระบบ
รายการนี้ยังไม่มีแท็ก
คุณยังไม่ได้ล็อกอิน คุณสามารถมีกิจกรรมร่วมกับเว็บไซต์ได้ แต่ต้องล็อกอินก่อน ::
  ล็อกอิน

รายการสื่อสารสนเทศ

ลำดับที่ ประเภท เลขเรียก/บาร์โค้ด สถานที่ สถานะ
- ไม่พบข้อมูล -

รายการใกล้เคียง
    ผู้แต่ง [นภชล]

BibComment


ยังไม่เคยถูกคอมเมนท์

คอมเมนท์ทรัพยากรรายการนี้
  คอมเมนท์: ความรู้สึกดีที่เร..


 Copyright 2026. Bcnsprnw @Library